00790nam a2200229Ia 4500003000400000005001700004008004100021020001800062040001800080041000800098082002000106100002000126245016900146250001200315260005200327300002900379650005800408650003200466650001300498700002300511700002600534OSt20260130150927.0210716s2010 xx 000 0 und d a9788184245776 cAIMIT LIBRARY aeng a338.1 21bDATS aDatta, Samar K. aTowards evolving an agricultural policy matrix in a federal structure- the post-WTO scenario in India /cBy Samar K Datta, Rahul Nilakantan and Milindo Chakrabarti. a1st ed. aNew Delhi :bAllied Publishers Pvt Ltd ,c2010. axii,239p. ;bPBc25.2 cm aAgreement on agriculture and other related agreements aSummary and recommendations aEpilogue aNilakantan, Rahul. aChakrabarti, Milindo.